Statistical Handbook of Japan 1983

Gespeichert in:
Bibliographische Detailangaben
Format: Buch
Sprache:Englisch
Veröffentlicht: Tokyo Statistics Bureau 1983
Tags: Tag hinzufügen
Keine Tags, Fügen Sie das erste Tag hinzu!

MARC

LEADER 00000nam a2200000 4500
001 c115166
005 20221207072714.5
041 0 |a eng 
044 |a JP 
245 1 0 |a Statistical Handbook of Japan 1983 
264 1 |a Tokyo  |b Statistics Bureau  |c 1983 
300 |a 158 s.